00704nam a22001937a 4500001000500000005001700005020001800022040002900040100001900069245002800088260003600116300005100152505000700203520023700210521002700447521001700474650001100491650000800502221320231110103104.0 a9780007254187 aFISKHbengcFISKHdFISKH aChapman, Keith aAunt tulip's carnival / aLondon :bHarperCollins, c2007 a26 unnumbered pages :c22x22 cmbillustrations aM  aIt's carnival time in Flowertot Garden. Everybody is dashing around preparing for the big day. Fifi and Bumble are baking cakes, Primrose is painting and Violet is busy making herself beautiful. It is a celebration not to be missed. a700 bLexile estimate  aM bRaz-Plus aFlower aBug